000
002720000a22000970004500
100
1
_a
Kruger, P. A.
245
1
0
_a
Comunicación noverbal y gestos simbólicos
300
_a
Vol. 7, Num 2 (II Semestre, 1997), Páginas 12-21
773
0
_t
Traducción de la Biblia
942
_c
ANA
999
_c
52703
_d
52703